000 00778cam a2200193 4500
001 WB3902-14
008 030114n2003 000 0 eng u
035 _a(Sirsi) u121011
245 _aRICS salary survey 2003 begins
260 _c2003
490 _aRICS News Service
_v9 January 2003, (1)
520 _aRICS and MacDonald & Company are inviting members to respond to the latest salary and benefits survey. The research will be collected using a simple, confidential online questionnaire which is available via the RICS website, at http://www.infocorp.co.uk/scripts/inweb.dll/start/10087.vq/3646/1.
590 _aWB
650 _aSALARY SURVEYS
650 _aPROFESSIONAL PRACTICES
650 _aRICS SALARY AND BENEFITS SURVEYS
690 _aRICS NEWS
942 _n0
999 _c71910
_d71910